000 00712nam a2200181Ia 4500
003 0
005 20250128085644.0
008 150126s9999 xx 000 0 und d
050 _aPGS LB 1044.87
_b.N993 2014
100 _aNyanasengeran, Charles D.
245 _aUsage and purpose of e-gadgets and study habits /
_cCharles D. Nyanasengeran.
260 _aLas Piñas City, Philippines :
_bSouthville International School and Colleges,
_c2014.
300 _a37 p. :
_bill. ;
_c28 cm.
504 _aIncludes bibliographical references.
650 _aElectronic devices
_vEducational aspects—Impact on study habits.
650 _aStudy habits
_v—Elementary students—Influence of e-gadgets.
942 _2lcc
_cPASS
999 _c278613
_d278613